000 00786nam a2200277Ia 4500
003 OSt
005 20220925223101.0
006 a|||||r|||| 00| 0
007 ta
008 220923b |||||||| |||| 00| 0 eng d
020 _a0415243602
037 _cGeneral Book
040 _aRTL
_cRTL
_beng
041 _2eng
_aeng
082 _aW:77k, P0/RR
100 _aAshcroft Bill and others
_9288937
245 0 _aPost-colonial studies
_b Key concepts
260 _aLondon
_bRoutledge
_c2000
300 _ax,275p
_ccm.
490 _aRoutledge Key Guides
500 _aBibliography: P 243-64
650 _a Political Science
650 _aImperlialistm
_9288938
942 _hW:77k, P0/RR
_cGB
_2CC
999 _c578599
_d578599